[Event "7. Griesheimer Schachtage 2011"]
[Site "?"]
[Date "2011.??.??"]
[Round "4.4"]
[White "Bub, Volker"]
[Black "Neuner, Johannes"]
[Result "1-0"]
[WhiteElo "2179"]
[BlackElo "1953"]
[PlyCount "95"]

{16384kB. PentiumII
} 1. e4 c6 2. d3 d5 3. Nd2 e5 4. Ngf3 Bd6 5. Be2 Nf6 6.
O-O O-O 7. c3 Nbd7 8. Re1 Re8 9. Bf1 Qc7 10. b3 a5 11. a3 Nc5 12. h3 Ne6 13. g3
h6 14. Bb2 a4 15. b4 Ng5 16. Nxg5 hxg5 17. Bg2 g4 18. h4 Be6 19. Nf1 dxe4 20.
dxe4 Bb3 21. Qe2 b5 22. Ne3 Qd7 23. c4 Bc7 24. Rac1 Bb6 25. c5 Bc7 26. Bc3 Rad8
27. Qb2 Qd3 28. Nf1 Qd7 29. Bd2 Qe6 30. Bg5 Rd4 31. Nd2 Red8 32. Bf1 Re8 33.
Be3 Rd7 34. Be2 Red8 35. Bg5 Rd4 36. Rc3 Rxd2 37. Bxd2 Nxe4 38. Rd3 Qf6 39.
Rxd8+ Qxd8 40. Bc3 Nxc3 41. Qxc3 Qd7 42. Qe3 Bd5 43. Rd1 Qe6 44. Qg5 f5 45. Qd2
Qh6 46. Qxh6 gxh6 47. Bxb5 Bb3 48. Rd7 1-0

[Event "7. Griesheimer Schachtage 2011"]
[Site "?"]
[Date "2011.??.??"]
[Round "4.5"]
[White "Bahlke, Wolfgang"]
[Black "Plattern, Rolf"]
[Result "1-0"]
[WhiteElo "2131"]
[BlackElo "1919"]
[PlyCount "39"]

1. Nf3 Nf6 2. b3 d5 3. Bb2 Bg4 4. e3 e6 5. h3 Bxf3 6. Qxf3 Nbd7 7. d3 Bd6 8. g3
O-O 9. Bg2 c6 10. O-O e5 11. Nd2 Qe7 12. a4 a5 13. e4 dxe4 14. Nxe4 Nxe4 15.
Qxe4 f5 16. Qe1 Rae8 17. Qxa5 Bb4 18. Qa7 Nc5 19. Qb6 Ra8 20. Qxb4 1-0

[Event "7. Griesheimer Schachtage 2011"]
[Site "?"]
[Date "2011.??.??"]
[Round "4.6"]
[White "Beck, Michael"]
[Black "Busch, Lorenz"]
[Result "1/2-1/2"]
[WhiteElo "1924"]
[BlackElo "2109"]
[PlyCount "41"]

1. Nf3 Nf6 2. c4 g6 3. g3 Bg7 4. Bg2 O-O 5. O-O d6 6. Nc3 Nc6 7. d4 e5 8. dxe5
dxe5 9. e4 Be6 10. b3 Nd4 11. Ba3 Re8 12. Nxd4 exd4 13. Nd5 c6 14. Nf4 Qa5 15.
Bb2 Rad8 16. Nd3 Bc8 17. Re1 Qc7 18. Bc1 Bg4 19. f3 Bc8 20. Bf4 Qa5 21. c5
1/2-1/2

[Event "7. Griesheimer Schachtage 2011"]
[Site "?"]
[Date "2011.??.??"]
[Round "4.7"]
[White "Boetticher, Tim"]
[Black "Freund, Karlheinz"]
[Result "1-0"]
[WhiteElo "2056"]
[BlackElo "1911"]
[PlyCount "71"]

1. e4 d6 2. d4 Nd7 3. Nf3 c6 4. Nc3 Qc7 5. Be2 e5 6. O-O Ngf6 7. Re1 h6 8. b3
g5 9. Bb2 Bg7 10. Rb1 Nh7 11. dxe5 dxe5 12. a4 Bf8 13. Bc4 Be7 14. Qe2 Nhf8 15.
Nd2 Ng6 16. Nf1 Nf6 17. Ne3 Nf4 18. Qf1 Bb4 19. Bd3 Qa5 20. Nc4 Qc5 21. Red1
Bg4 22. Na2 Bxd1 23. Rxd1 O-O 24. c3 Nxd3 25. Qxd3 Rad8 26. Qxd8 Rxd8 27. Rxd8+
Kh7 28. cxb4 Qe7 29. Rd3 Nxe4 30. Nxe5 Nd6 31. Kf1 f6 32. Nf3 Nf5 33. Nc3 g4
34. Nd2 Qxb4 35. Nce4 g3 36. hxg3 1-0

[Event "7. Griesheimer Schachtage 2011"]
[Site "?"]
[Date "2011.??.??"]
[Round "4.8"]
[White "Hoeck, Raimund"]
[Black "Mager, Thomas"]
[Result "1/2-1/2"]
[WhiteElo "2024"]
[BlackElo "1860"]
[PlyCount "52"]

1. d4 f5 2. g3 Nf6 3. c4 g6 4. Bg2 Bg7 5. Nf3 O-O 6. O-O d6 7. Nc3 Qe8 8. d5 c6
9. Nd4 cxd5 10. cxd5 Na6 11. b3 Nc7 12. Bb2 Qf7 13. Nc2 Kh8 14. Rb1 Bd7 15. Qd2
Rac8 16. e3 Nb5 17. Nxb5 Bxb5 18. Rfc1 Ne4 19. Bxg7+ Kxg7 20. Qd4+ Kg8 21. Na3
Rxc1+ 22. Rxc1 Ba6 23. Rc2 Nf6 24. Rc7 Ne8 25. Rd7 Nf6 26. Rc7 Ne8 1/2-1/2

[Event "7. Griesheimer Schachtage 2011"]
[Site "?"]
[Date "2011.??.??"]
[Round "4.9"]
[White "Tierling, Detlef"]
[Black "Geringer, Waldemar"]
[Result "1/2-1/2"]
[WhiteElo "2036"]
[BlackElo "1948"]
[PlyCount "145"]

1. e4 c5 2. c3 d5 3. exd5 Qxd5 4. Nf3 Nc6 5. Be2 Bf5 6. O-O Bd3 7. Na3 Nf6 8.
Bxd3 Qxd3 9. Qb3 Qd7 10. Nc4 e6 11. Nce5 Nxe5 12. Nxe5 Qc7 13. d4 Bd6 14. Qb5+
Nd7 15. Rd1 Bxe5 16. dxe5 a6 17. Qe2 Qxe5 18. Qf3 Qc7 19. Qg4 g6 20. Bg5 h6 21.
Bf4 e5 22. Re1 O-O 23. Bxh6 Rfe8 24. Rad1 Nf6 25. Qf3 Nh7 26. h4 Qe7 27. h5 g5
28. Qf5 Qe6 29. g4 Qxh6 30. Rxe5 Rxe5 31. Qxe5 Qe6 32. Qxe6 fxe6 33. Rd7 b5 34.
Re7 Nf8 35. Kf1 Rd8 36. Rc7 Rd1+ 37. Kg2 Rd5 38. Ra7 Rd2 39. Rxa6 Rxb2 40. a4
b4 41. cxb4 Rxb4 42. f3 c4 43. a5 Kf7 44. Ra7+ Kf6 45. a6 Rb8 46. Rc7 Ra8 47.
Rxc4 Rxa6 48. Rc7 Rd6 49. Kf2 Nd7 50. Ke2 Ne5 51. Rc3 Rd4 52. Rc8 Nxg4 53. fxg4
Rxg4 54. Kf3 Rf4+ 55. Ke3 e5 56. Rc6+ Kf5 57. Rc8 Rg4 58. Kf2 Rh4 59. Rf8+ Kg4
60. Re8 Rh2+ 61. Ke3 Rxh5 62. Rxe5 Rh3+ 63. Kf2 Kf4 64. Re1 Rh2+ 65. Kg1 Rc2
66. Rf1+ Kg3 67. Rd1 Rg2+ 68. Kh1 Rf2 69. Kg1 Rf3 70. Re1 g4 71. Rb1 Rd3 72.
Rc1 Kh3 73. Rb1 1/2-1/2

[Event "7. Griesheimer Schachtage 2011"]
[Site "?"]
[Date "2011.??.??"]
[Round "4.10"]
[White "Dankesreiter, Arne"]
[Black "Enders, Philipp"]
[Result "0-1"]
[WhiteElo "1996"]
[BlackElo "1794"]
[PlyCount "44"]

1. c4 e6 2. g3 Nf6 3. Bg2 d5 4. cxd5 exd5 5. Nf3 Be7 6. O-O O-O 7. d4 Nbd7 8.
Nc3 c6 9. Bf4 Re8 10. Qc2 Nf8 11. Ne5 Nh5 12. Bd2 g6 13. Rad1 Ne6 14. Bh6 Bg5
15. Bxg5 Nxg5 16. h4 Ne6 17. Rfe1 Nxd4 18. Qd3 Rxe5 19. Qxd4 Qe7 20. f4 Re3 21.
Bf3 Nxg3 22. Kf2 Nf5 0-1

[Event "7. Griesheimer Schachtage 2011"]
[Site "?"]
[Date "2011.??.??"]
[Round "4.11"]
[White "Wolf, Christoph"]
[Black "Thumm, Felix"]
[Result "0-1"]
[WhiteElo "1952"]
[BlackElo "1773"]
[PlyCount "46"]

1. e4 e6 2. Nf3 d5 3. Nc3 c5 4. d4 Nc6 5. exd5 exd5 6. dxc5 d4 7. Nb5 Bxc5 8.
Bf4 Qe7+ 9. Be2 Bb6 10. Nd6+ Kf8 11. Nc4 Bc5 12. O-O Be6 13. a3 Rd8 14. b4 Bb6
15. Qd2 d3 16. Nxb6 dxe2 17. Qxe2 axb6 18. Rad1 Ke8 19. Qb5 Nf6 20. Ne5 Rxd1
21. Rxd1 Bd7 22. Qxb6 Nxe5 23. Re1 Nf3+ 0-1

[Event "7. Griesheimer Schachtage 2011"]
[Site "?"]
[Date "2011.??.??"]
[Round "4.12"]
[White "Armbrust, Matthias"]
[Black "Bauer, Bjoern-Benny"]
[Result "1/2-1/2"]
[WhiteElo "1850"]
[BlackElo "1779"]
[PlyCount "81"]

1. e4 c5 2. Nc3 Nc6 3. g3 g6 4. Bg2 Bg7 5. d3 d6 6. f4 e6 7. Nf3 Nge7 8. O-O
O-O 9. Be3 Nd4 10. e5 Nef5 11. Bf2 Nxf3+ 12. Qxf3 Nd4 13. Qd1 dxe5 14. fxe5
Bxe5 15. Ne4 f5 16. Nxc5 Qe7 17. Na4 Nc6 18. d4 Rd8 19. c3 Qc7 20. Nc5 Bd6 21.
Nb3 Ne7 22. Qe2 f4 23. Bh3 fxg3 24. Bxe6+ Kh8 25. hxg3 Bxg3 26. Rae1 Nf5 27. d5
Bxf2+ 28. Rxf2 Re8 29. Qd2 Bxe6 30. Rxe6 Rxe6 31. dxe6 Rd8 32. Nd4 Qe5 33. Qg5
Rg8 34. Qg2 Nxd4 35. cxd4 Qxe6 36. Qxb7 Rc8 37. Qf3 Kg7 38. Qb7+ Kg8 39. Qf3
Kg7 40. Qb7+ Kh8 41. Qf3 1/2-1/2

[Event "7. Griesheimer Schachtage 2011"]
[Site "?"]
[Date "2011.??.??"]
[Round "4.13"]
[White "Auschkalnis, Reinhard"]
[Black "Nagel, Erwin"]
[Result "0-1"]
[WhiteElo "1840"]
[BlackElo "1687"]
[PlyCount "212"]

1. c4 c5 2. Nc3 Nf6 3. e4 d6 4. g3 b6 5. Bg2 Bb7 6. Nge2 e6 7. d4 cxd4 8. Nxd4
a6 9. O-O Qc7 10. Qe2 Nbd7 11. Bd2 Rc8 12. b3 Be7 13. g4 h6 14. Rae1 Qb8 15. h3
O-O 16. f4 d5 17. e5 Bc5 18. Be3 Ne4 19. Nxe4 dxe4 20. Bf2 Qa8 21. Rd1 Rfd8 22.
Kh2 Rc7 23. Be3 Be7 24. Nc2 Bc5 25. Bxc5 Nxc5 26. Rxd8+ Qxd8 27. b4 Rd7 28. Rf2
Nd3 29. Rf1 Nxf4 30. Rxf4 Rd2 31. Qe3 Rxc2 32. a3 Qd2 33. Qxd2 Rxd2 34. Kg1 Rc2
35. Bxe4 Bxe4 36. Rxe4 Rc3 37. a4 Rxh3 38. b5 axb5 39. cxb5 Ra3 40. Kf2 Kf8 41.
Rc4 Ke8 42. Rc6 Rxa4 43. Rxb6 Rxg4 44. Rb8+ Kd7 45. Rb7+ Kc8 46. Rxf7 h5 47.
Kf3 Rg6 48. Rf4 Kb7 49. Rb4 Kb6 50. Kf2 Rg5 51. Rd4 Rxe5 52. Kg3 g5 53. Rb4 Ka5
54. Rb1 Rxb5 55. Re1 e5 56. Kh3 Kb6 57. Rf1 Ka5 58. Rf8 e4 59. Re8 Rb3+ 60. Kg2
Rb7 61. Rxe4 Rg7 62. Kg3 Kb6 63. Rd4 Kc5 64. Rd1 Kc4 65. Rd8 Kc3 66. Rd1 Kc2
67. Rd5 Kc3 68. Rd8 g4 69. Rd5 Rh7 70. Kh4 Kc4 71. Rd8 Kc5 72. Rd1 Rh6 73. Rd8
Rd6 74. Rh8 Rd5 75. Re8 Kd4 76. Re6 Re5 77. Rf6 Ke3 78. Kg3 Ke4 79. Rf4+ Ke3
80. Rf8 Ke2 81. Rf2+ Ke1 82. Ra2 Re3+ 83. Kf4 Re2 84. Ra5 Kf2 85. Rg5 Re3 86.
Rxh5 g3 87. Rg5 Rf3+ 88. Ke4 g2 89. Rg8 Rg3 90. Rf8+ Ke1 91. Ra8 g1=Q 92. Ra1+
Kf2 93. Rxg1 Rxg1 94. Kd4 Rd1+ 95. Kc5 Ke3 96. Kc4 Rd3 97. Kb4 Kd4 98. Kb5 Kd5
99. Kb6 Rd4 100. Kb5 Rc4 101. Kb6 Rc5 102. Kb7 Kd6 103. Kb6 Rd5 104. Kb7 Rb5+
105. Ka6 Kc6 106. Ka7 Ra5+ 0-1

[Event "7. Griesheimer Schachtage 2011"]
[Site "?"]
[Date "2011.??.??"]
[Round "4.14"]
[White "Hornung, Thomas"]
[Black "Renger, Juergen"]
[Result "1-0"]
[WhiteElo "1993"]
[BlackElo "1678"]
[PlyCount "71"]

1. d4 Nf6 2. c4 e6 3. Nc3 Bb4 4. f3 d5 5. a3 Bxc3+ 6. bxc3 O-O 7. cxd5 exd5 8.
e3 Bf5 9. Bd3 Bxd3 10. Qxd3 Nbd7 11. Ne2 Nb6 12. O-O Re8 13. Ng3 Nc4 14. e4 c6
15. e5 Nd7 16. f4 c5 17. a4 Qa5 18. f5 Rac8 19. Nh5 cxd4 20. cxd4 Qb6 21. Kh1
Qa6 22. Rd1 Na5 23. Qg3 g6 24. Nf4 Kh8 25. e6 fxe6 26. fxg6 Rg8 27. Qh3 Rg7 28.
Nxe6 Rxg6 29. Nc5 Qe2 30. Bf4 Qg4 31. Nxd7 Qxf4 32. Nf6 Qxf6 33. Qxc8+ Rg8 34.
Qc7 Qg5 35. Qe5+ Qxe5 36. dxe5 1-0

[Event "7. Griesheimer Schachtage 2011"]
[Site "?"]
[Date "2011.??.??"]
[Round "4.15"]
[White "Haas, Vanessa"]
[Black "Stegner, Marco"]
[Result "1/2-1/2"]
[WhiteElo "1855"]
[BlackElo "1654"]
[PlyCount "80"]

1. e4 c5 2. Nf3 Nc6 3. d4 cxd4 4. Nxd4 Nf6 5. Nc3 d6 6. Be2 e5 7. Nb3 Be6 8.
O-O h6 9. f4 Qb6+ 10. Kh1 Bxb3 11. axb3 Be7 12. f5 g6 13. fxg6 fxg6 14. Bc4
O-O-O 15. Nd5 Nxd5 16. Bxd5 Kb8 17. Qe1 a6 18. Be3 Qc7 19. Ra4 Bg5 20. Rf7 Rd7
21. Rxd7 Qxd7 22. Bg1 Rf8 23. Qa1 Nd4 24. Bxd4 exd4 25. Rb4 b5 26. Rxd4 Qa7 27.
Rd1 Qf2 28. c4 Qe2 29. Rg1 Ka7 30. cxb5 Qxb5 31. Bc4 Qb6 32. Rd1 Rf2 33. Rf1
Be3 34. Rxf2 Bxf2 35. b4 Bd4 36. b5 a5 37. Qc1 g5 38. Qf1 Bxb2 39. Qf7+ Qb7 40.
Qe6 Be5 1/2-1/2

[Event "7. Griesheimer Schachtage 2011"]
[Site "?"]
[Date "2011.??.??"]
[Round "4.16"]
[White "Kirschner, Matthias"]
[Black "Breining, Anton"]
[Result "0-1"]
[WhiteElo "1703"]
[BlackElo "1479"]
[PlyCount "142"]

1. c4 e5 2. Nc3 d6 3. g3 Nc6 4. Bg2 Nf6 5. d3 g6 6. Nf3 Bg7 7. O-O O-O 8. a3 a6
9. b4 Ne7 10. Rb1 Rb8 11. Bg5 c6 12. Bxf6 Bxf6 13. Nd2 Qc7 14. Qc2 Bd7 15. a4
b5 16. axb5 axb5 17. cxb5 cxb5 18. Nde4 Bg7 19. Rfc1 f5 20. Qb3+ Kh8 21. Nd2
Qb6 22. Ra1 Bc6 23. Bxc6 Nxc6 24. Nd5 Qb7 25. Rc2 Nd4 26. Rc7 Nxb3 27. Rxb7
Nxa1 28. Ra7 Nc2 29. Nc7 Rf7 30. Nxb5 Rxa7 31. Nxa7 Rxb4 32. Nc6 Ra4 33. Nf3 h6
34. Nh4 Rxh4 35. gxh4 Nd4 36. Nxd4 exd4 37. Kg2 g5 38. h5 Be5 39. h3 Kg7 40.
Kf3 Kf6 41. Kg2 f4 42. f3 Ke6 43. Kf1 Kd5 44. Ke1 Kc5 45. Kd1 Kb4 46. Kc2 d5
47. Kb2 Bd6 48. Kc2 Ka3 49. Kd1 Kb2 50. Ke1 Kc2 51. Kf1 Kd1 52. Kf2 Bb4 53. Kg2
Kxe2 54. h4 gxh4 55. Kh3 Kxf3 56. Kxh4 Be1+ 57. Kh3 Bf2 58. Kh2 Kg4 59. Kg2 Bg3
60. Kh1 Kxh5 61. Kg2 Kg4 62. Kh1 h5 63. Kg2 h4 64. Kh1 h3 65. Kg1 h2+ 66. Kh1
Kf5 67. Kg2 Ke5 68. Kh1 Kd6 69. Kg2 Kc5 70. Kh1 Kb4 71. Kg2 Kc3 0-1

[Event "7. Griesheimer Schachtage 2011"]
[Site "?"]
[Date "2011.??.??"]
[Round "4.17"]
[White "Reuter, Klaus"]
[Black "Fuchs, Andreas"]
[Result "1/2-1/2"]
[WhiteElo "1682"]
[BlackElo "1517"]
[PlyCount "87"]

1. e4 c5 2. Nc3 Nc6 3. f4 d6 4. Nf3 g6 5. d4 cxd4 6. Nxd4 Bd7 7. Bc4 Bg7 8. Be3
Nf6 9. O-O O-O 10. Qd2 a6 11. Rad1 Rc8 12. Nxc6 Bxc6 13. Bd3 Qc7 14. h3 Rfd8
15. Qf2 Nd7 16. f5 Rf8 17. g4 Ne5 18. Bb6 Qb8 19. Bd4 Nxd3 20. cxd3 Qc7 21.
Bxg7 Kxg7 22. f6+ exf6 23. Qxf6+ Kg8 24. Qf2 Qa5 25. Rd2 Qc5 26. d4 Qc4 27. d5
Bd7 28. Rd4 Qc5 29. Kg2 Qb6 30. a3 Qc5 31. Rfd1 b5 32. Qd2 Qc7 33. Ne2 Qc2 34.
Qxc2 Rxc2 35. R4d2 Rxd2 36. Rxd2 Rc8 37. Kf3 Kg7 38. Nd4 Rc1 39. Kg3 f6 40. Ne2
Rc8 41. Nf4 Kf7 42. Nd3 a5 43. Kf3 Rc4 44. Nf2 1/2-1/2

[Event "7. Griesheimer Schachtage 2011"]
[Site "?"]
[Date "2011.??.??"]
[Round "4.19"]
[White "Bejan, Viorel"]
[Black "Meisinger, Herbert"]
[Result "1-0"]
[WhiteElo "1541"]
[BlackElo "1189"]
[PlyCount "65"]

1. e4 c5 2. Nc3 Nc6 3. f4 e6 4. Nf3 Be7 5. Bb5 a6 6. Bxc6 bxc6 7. O-O Nf6 8. d3
O-O 9. Qe1 d5 10. e5 Nd7 11. Qg3 f6 12. f5 Nxe5 13. Bh6 Nxf3+ 14. Rxf3 Rf7 15.
fxe6 Bxe6 16. Bf4 Qd7 17. Re1 d4 18. Ne4 Bd5 19. Rf2 Bxe4 20. Rxe4 Rd8 21. Qf3
Bd6 22. Rfe2 Re7 23. Bxd6 Rxe4 24. Qxe4 Qxd6 25. Qe6+ Qxe6 26. Rxe6 Rc8 27. Re7
Kf8 28. Ra7 Re8 29. Kf2 Re5 30. Rxa6 Rf5+ 31. Kg1 Re5 32. Rxc6 Re2 33. Rxc5 1-0

[Event "7. Griesheimer Schachtage 2011"]
[Site "?"]
[Date "2011.??.??"]
[Round "4.20"]
[White "Thumm, Niklas"]
[Black "Stegner, Naomi"]
[Result "0-1"]
[WhiteElo "1038"]
[BlackElo "1272"]
[PlyCount "68"]

1. e4 c5 2. Nc3 Nc6 3. Bc4 Nf6 4. Nf3 e6 5. d3 h6 6. Bf4 a6 7. O-O Be7 8. d4 d5
9. exd5 exd5 10. Bb3 c4 11. Ba4 b5 12. Bxb5 axb5 13. Nxb5 O-O 14. Bc7 Qd7 15.
Ne5 Nxe5 16. dxe5 Qxb5 17. exf6 Bxf6 18. b3 Bxa1 19. Qxa1 Ba6 20. Be5 f6 21.
Bd6 Rfe8 22. Qd1 cxb3 23. Re1 Rxe1+ 24. Qxe1 Re8 25. Qb1 bxa2 26. Qa1 Re2 27.
h3 Qb1+ 28. Qxb1 axb1=Q+ 29. Kh2 Rxf2 30. Bg3 Rxc2 31. h4 Qf1 32. Kh3 Qxg2+ 33.
Kg4 Be2+ 34. Kf4 Qe4# 0-1

[Event "7. Griesheimer Schachtage 2011"]
[Site "?"]
[Date "2011.??.??"]
[Round "4.21"]
[White "Fey, Karl-Heinz"]
[Black "Urbach, Jens"]
[Result "0-1"]
[WhiteElo "816"]
[BlackElo "1127"]
[PlyCount "74"]

1. c4 Nf6 2. Nc3 g6 3. g3 c5 4. Bg2 Bg7 5. e4 d6 6. Nf3 O-O 7. O-O Nc6 8. d3
Nd4 9. Be3 Nxf3+ 10. Bxf3 Rb8 11. Bf4 e5 12. Be3 Be6 13. Nb5 a6 14. Nc3 Qd7 15.
a4 Rfd8 16. h3 Bxh3 17. Re1 Ng4 18. Bg2 Nxe3 19. fxe3 Bg4 20. Qd2 Bh3 21. Qf2
Bxg2 22. Kxg2 Re8 23. Rh1 Re6 24. Nd5 b6 25. g4 Qd8 26. Qf3 Rb7 27. Qh3 h6 28.
Kf2 Qg5 29. Rhg1 a5 30. Ke2 Bf6 31. Raf1 Kg7 32. Rh1 Bd8 33. d4 exd4 34. Rf3
Rxe4 35. Rhf1 f6 36. Rf5 Qxg4+ 37. Qxg4 37... Rxg4 {ZUE} 0-1

[Event "7. Griesheimer Schachtage 2011"]
[Site "?"]
[Date "2011.??.??"]
[Round "5.1"]
[White "Grabarczyk, Bogdan"]
[Black "Keim, Frank"]
[Result "1/2-1/2"]
[WhiteElo "2434"]
[BlackElo "2214"]
[PlyCount "69"]

{16384kB. Pentium
} 1. e4 c6 2. Nc3 d5 3. Nf3 d4 4. Ne2 c5 5. Ng3 Nc6 6. Bc4
Nf6 7. O-O a6 8. d3 Qc7 9. Ng5 e6 10. f4 Na5 11. e5 Nxc4 12. exf6 Nb6 13. fxg7
Bxg7 14. f5 h6 15. f6 Bxf6 16. Nxe6 Bxe6 17. Rxf6 Nd5 18. Rxh6 O-O-O 19. Qf3
Rhg8 20. Rh4 Rg6 21. Bd2 Rdg8 22. Re1 Ne7 23. Bf4 Qa5 24. Qe2 Nd5 25. Qe5 Nxf4
26. Rxf4 Rg5 27. Qe2 Qxa2 28. b3 Qa5 29. Ref1 Qc7 30. R1f2 b6 31. Qf1 Qe5 32.
Re2 Qc7 33. Ne4 R5g6 34. Nf6 Rh8 35. g3 1/2-1/2

[Event "7. Griesheimer Schachtage 2011"]
[Site "?"]
[Date "2011.??.??"]
[Round "5.2"]
[White "Schild, Christoph"]
[Black "Walter, Stefan"]
[Result "0-1"]
[WhiteElo "2292"]
[BlackElo "2327"]
[PlyCount "82"]

1. c4 Nf6 2. g3 c6 3. Bg2 d5 4. Nf3 dxc4 5. O-O b5 6. Qc2 Bb7 7. b3 cxb3 8.
axb3 e6 9. Ne5 Qb6 10. Ba3 Bxa3 11. Rxa3 O-O 12. e3 Rc8 13. d4 Nbd7 14. Nd3 c5
15. Bxb7 Qxb7 16. Nxc5 Nxc5 17. dxc5 Ne4 18. b4 Ng5 19. e4 Nxe4 20. Nd2 Nf6 21.
Rfa1 a6 22. Qd3 h6 23. Qf3 Qd5 24. Qxd5 Nxd5 25. Rb1 Kf8 26. Ne4 Ke7 27. Nd6
Rcb8 28. h4 f6 29. Ne4 a5 30. Rxa5 Rxa5 31. bxa5 Kd7 32. a6 Kc6 33. Nd6 b4 34.
Nb7 Ra8 35. Ra1 Nc7 36. Na5+ Kb5 37. Nb3 Rxa6 38. Rc1 e5 39. Kf1 Ra3 40. Rb1
Na6 41. Ke2 Nxc5 0-1

[Event "7. Griesheimer Schachtage 2011"]
[Site "?"]
[Date "2011.??.??"]
[Round "5.3"]
[White "Bahlke, Wolfgang"]
[Black "Bub, Volker"]
[Result "0-1"]
[WhiteElo "2131"]
[BlackElo "2179"]
[PlyCount "168"]

1. Nf3 g6 2. d4 Bg7 3. c3 d6 4. Bg5 h6 5. Bh4 a6 6. Nbd2 Nd7 7. e4 c5 8. Bd3
cxd4 9. cxd4 g5 10. Bg3 g4 11. Nh4 Bxd4 12. Nf5 Bxb2 13. Rb1 Nc5 14. Bc2 Bf6
15. Qxg4 h5 16. Qe2 Qa5 17. O-O Qxa2 18. Nc4 Be6 19. Nb6 Rd8 20. f4 Kf8 21. Bf2
Bb3 22. Rbc1 Bxc2 23. Rxc2 Qa5 24. Nc4 Qb5 25. Rd1 Nh6 26. Nd4 Qd7 27. e5 Bg7
28. Nf3 b5 29. Nb6 Qc7 30. Nd5 Qd7 31. exd6 exd6 32. Nb4 Ne6 33. Ne5 Qe8 34.
Nbc6 dxe5 35. Nxd8 Nxd8 36. Rc8 Bf6 37. fxe5 Be7 38. Bb6 Kg7 39. Rcxd8 Bxd8 40.
Rxd8 Qc6 41. Rd6 Qc1+ 42. Qf1 Qxf1+ 43. Kxf1 Nf5 44. Rf6 Rb8 45. Bf2 Ne7 46.
Rxa6 b4 47. Ke2 b3 48. Ra1 Nc6 49. Kd2 Kg6 50. Kc3 Nxe5 51. Rb1 Ng4 52. Bg1 Kf5
53. h3 Ne5 54. Bd4 Nc6 55. Bc5 Ke4 56. Re1+ Kd5 57. Ba3 Na5 58. Rd1+ Ke4 59.
Re1+ Kf5 60. Rf1+ Kg6 61. Bb2 Rc8+ 62. Kb4 Rc2 63. Rb1 Nc4 64. Kxb3 Rxb2+ 65.
Rxb2 Nxb2 66. Kxb2 Kf5 67. Kc3 Kf4 68. Kd4 Kg3 69. Ke4 h4 70. Ke3 Kxg2 71. Kf4
Kxh3 72. Kf3 f6 73. Kf2 Kg4 74. Kg2 f5 75. Kf2 h3 76. Kg1 Kf3 77. Kh2 f4 78.
Kg1 Ke2 79. Kh2 f3 80. Kxh3 f2 81. Kg3 f1=Q 82. Kh2 Qf5 83. Kg3 Ke3 84. Kh4 Qg6
0-1

[Event "7. Griesheimer Schachtage 2011"]
[Site "?"]
[Date "2011.??.??"]
[Round "5.4"]
[White "Vogel, Christian"]
[Black "Boetticher, Tim"]
[Result "1/2-1/2"]
[WhiteElo "2173"]
[BlackElo "2056"]
[PlyCount "108"]

1. e4 e5 2. Nf3 Nc6 3. Bb5 a6 4. Bxc6 dxc6 5. d4 exd4 6. Qxd4 Qxd4 7. Nxd4 Bd7
8. Be3 O-O-O 9. Nc3 Bb4 10. Nde2 Ne7 11. O-O-O Ng6 12. a3 Bd6 13. f4 f6 14.
Rhf1 Ne7 15. Nd4 c5 16. Nf3 Rhe8 17. Rde1 Nc6 18. g3 Bh3 19. Rf2 Bf8 20. f5 Bg4
21. Nd2 Nd4 22. Rff1 c6 23. Rf4 h5 24. Rff1 Bh3 25. Rf2 Bd6 26. Nc4 Bc7 27. Bd2
b5 28. Ne3 a5 29. Ng2 Bxg2 30. Rxg2 Nf3 31. Rf2 Ne5 32. Bf4 c4 33. Bxe5 Bxe5
34. Rff1 Rd7 35. Ne2 Red8 36. Nf4 Bxf4+ 37. gxf4 Kc7 38. e5 Rd5 39. Rd1 fxe5
40. fxe5 Rxe5 41. Rxd8 Kxd8 42. f6 gxf6 43. Rxf6 Kd7 44. Rh6 Rf5 45. c3 Rg5 46.
Kc2 Kc7 47. Kb1 Kb6 48. h4 Rf5 49. Ka2 Kc5 50. Kb1 Kd5 51. Kc2 Kc5 52. Kd2 Kd5
53. Ke3 Kc5 54. Ke4 Rd5 1/2-1/2

[Event "7. Griesheimer Schachtage 2011"]
[Site "?"]
[Date "2011.??.??"]
[Round "5.5"]
[White "Mager, Thomas"]
[Black "Prenzler, Daniel"]
[Result "0-1"]
[WhiteElo "1860"]
[BlackElo "2197"]
[PlyCount "82"]

1. g3 Nf6 2. Bg2 g6 3. f4 Bg7 4. Nf3 O-O 5. O-O d6 6. d3 c6 7. e4 Qb6+ 8. Kh1
Ng4 9. d4 d5 10. exd5 cxd5 11. Nc3 e6 12. Ne5 Nh6 13. Bh3 Nc6 14. f5 Nxf5 15.
Bxf5 exf5 16. Nxd5 Qxd4 17. Ne7+ Kh8 18. N7xc6 Qxd1 19. Rxd1 bxc6 20. Nd3 Be6
21. Be3 Rfe8 22. Bc5 Bd5+ 23. Kg1 Re2 24. Nb4 Be4 25. Rd7 Rg2+ 26. Kf1 Rxh2 27.
Rad1 Rh1+ 28. Bg1 Bxb2 29. c4 Be5 30. Ke2 Kg7 31. a4 a5 32. Nd3 Bxg3 33. Nc5
Re8 34. Nxe4 Rxe4+ 35. Kf3 Be5 36. Kg2 Rhh4 37. Bf2 Rhg4+ 38. Kf1 Rxc4 39. Re7
Bf6 40. Rc7 Be5 41. Re7 Bd4 0-1

[Event "7. Griesheimer Schachtage 2011"]
[Site "?"]
[Date "2011.??.??"]
[Round "5.6"]
[White "Busch, Lorenz"]
[Black "Enders, Philipp"]
[Result "1-0"]
[WhiteElo "2109"]
[BlackElo "1794"]
[PlyCount "55"]

1. e4 c5 2. Nf3 a6 3. c3 d5 4. exd5 Qxd5 5. d4 Nf6 6. Be3 cxd4 7. cxd4 e6 8.
Be2 Bb4+ 9. Nc3 Qa5 10. O-O Nbd7 11. Qd3 O-O 12. Rfc1 Rd8 13. a3 Bxc3 14. Rxc3
Nb6 15. b4 Qa4 16. Ne5 Nbd5 17. Rc5 b6 18. Rc4 Bd7 19. Bd1 Qb5 20. a4 Nxb4 21.
Qb3 Qxc4 22. Nxc4 Nfd5 23. Nxb6 Rab8 24. a5 Bb5 25. Nxd5 exd5 26. Bf4 Re8 27.
Bf3 Rbd8 28. h4 1-0

[Event "7. Griesheimer Schachtage 2011"]
[Site "?"]
[Date "2011.??.??"]
[Round "5.7"]
[White "Thumm, Felix"]
[Black "Hoeck, Raimund"]
[Result "1/2-1/2"]
[WhiteElo "1773"]
[BlackElo "2024"]
[PlyCount "33"]

1. e4 c5 2. Nf3 d6 3. c3 Nf6 4. Qc2 e6 5. d4 cxd4 6. cxd4 Be7 7. Bd3 h6 8. Be3
O-O 9. Nc3 Nc6 10. a3 d5 11. e5 Nd7 12. O-O Re8 13. Rfe1 Nb6 14. Qc1 Bf8 15.
Nb5 a6 16. Nc3 Bd7 17. Qc2 1/2-1/2

[Event "7. Griesheimer Schachtage 2011"]
[Site "?"]
[Date "2011.??.??"]
[Round "5.8"]
[White "Geringer, Waldemar"]
[Black "Beck, Michael"]
[Result "1-0"]
[WhiteElo "1948"]
[BlackElo "1924"]
[PlyCount "79"]

1. d4 d5 2. Nf3 c6 3. c4 Nf6 4. g3 Bf5 5. Bg2 e6 6. Nc3 Nbd7 7. O-O Be7 8. Nh4
Bg4 9. h3 Bh5 10. g4 Bg6 11. Nxg6 hxg6 12. Bf4 dxc4 13. e4 Nb6 14. a4 a5 15.
Qd2 Bb4 16. Qe3 O-O 17. Qg3 Rc8 18. Rfd1 Qd7 19. Bf3 Rfd8 20. Kh2 Ne8 21. d5
cxd5 22. exd5 e5 23. Be3 Bd6 24. Ne4 Nxa4 25. Nxd6 Nxd6 26. Qxe5 Re8 27. Qd4 b5
28. Bf4 c3 29. bxc3 Rc4 30. Qd2 Nxc3 31. Rdc1 Nce4 32. Qxa5 Nxf2 33. Rxc4 Nxc4
34. Qa7 Qxa7 35. Rxa7 Nd3 36. Bc7 Nce5 37. Kg3 b4 38. d6 b3 39. Rb7 b2 40. Be4
{ZUE} 1-0

[Event "7. Griesheimer Schachtage 2011"]
[Site "?"]
[Date "2011.??.??"]
[Round "5.9"]
[White "Nagel, Erwin"]
[Black "Tierling, Detlef"]
[Result "0-1"]
[WhiteElo "1687"]
[BlackElo "2036"]
[PlyCount "128"]

1. e4 e6 2. d3 d5 3. Nd2 c5 4. Ngf3 Nc6 5. g3 Nf6 6. Bg2 dxe4 7. dxe4 Be7 8.
O-O O-O 9. e5 Nd7 10. Re1 Qc7 11. Qe2 b6 12. h4 Bb7 13. Nf1 Rfe8 14. Bf4 Rad8
15. N1h2 Nf8 16. h5 Nd4 17. Nxd4 cxd4 18. Ng4 Bxg2 19. Kxg2 Qc6+ 20. Kg1 Kh8
21. a3 Rd5 22. Red1 Red8 23. Rd2 g5 24. Nf6 Bxf6 25. exf6 h6 26. Be5 Qc5 27. b4
Qc3 28. Rad1 Qxa3 29. Rxd4 Rxd4 30. Rxd4 Qa1+ 31. Qf1 Qxf1+ 32. Kxf1 Rxd4 33.
Bxd4 Nd7 34. f4 gxf4 35. gxf4 Kg8 36. Ke2 Kf8 37. Kd3 a6 38. Ke4 Ke8 39. c4 a5
40. bxa5 bxa5 41. Kd3 Kd8 42. Ke4 Kc7 43. f5 e5 44. Be3 Nxf6+ 45. Kd3 Nxh5 46.
Bxh6 f6 47. Kc3 Kc6 48. Bf8 Ng3 49. Be7 Kd7 50. Bf8 Nxf5 51. Kb3 Kc6 52. Ka4 e4
53. Kxa5 e3 54. Bb4 e2 55. Ka4 Nd4 56. Bc3 f5 57. Kb4 f4 58. Ka3 Kc5 59. Kb2
Kxc4 60. Be1 Kd3 61. Kc1 Nf3 62. Bf2 e1=Q+ 63. Bxe1 Nxe1 64. Kd1 Nc2 0-1